Engineering Applications of Neural Networks 17th International Conference, EANN 2016, Aberdeen, UK, September 2-5, 2016, Proceedings /

This book constitutes the refereed proceedings of the 17th International Conference on Engineering Applications of Neural Networks, EANN 2016, held in Aberdeen, UK, in September 2016. The 22 revised full papers and three short papers presented together with two tutorials were carefully reviewed and...

Full description

Corporate Author: SpringerLink (Online service)
Other Authors: Jayne, Chrisina. (Editor, http://id.loc.gov/vocabulary/relators/edt), Iliadis, Lazaros. (Editor, http://id.loc.gov/vocabulary/relators/edt)
Language:English
Published: Cham : Springer International Publishing : Imprint: Springer, 2016.
Edition:1st ed. 2016.
Series:Communications in Computer and Information Science, 629
Subjects:
Online Access:https://doi.org/10.1007/978-3-319-44188-7
LEADER 03433nam a22005775i 4500
001 978-3-319-44188-7
003 DE-He213
005 20210610080842.0
007 cr nn 008mamaa
008 160818s2016 gw | s |||| 0|eng d
020 |a 9783319441887  |9 978-3-319-44188-7 
024 7 |a 10.1007/978-3-319-44188-7  |2 doi 
050 4 |a QA76.9.D343 
072 7 |a UNF  |2 bicssc 
072 7 |a COM021030  |2 bisacsh 
072 7 |a UNF  |2 thema 
072 7 |a UYQE  |2 thema 
082 0 4 |a 006.312  |2 23 
245 1 0 |a Engineering Applications of Neural Networks  |h [electronic resource] :  |b 17th International Conference, EANN 2016, Aberdeen, UK, September 2-5, 2016, Proceedings /  |c edited by Chrisina Jayne, Lazaros Iliadis. 
250 |a 1st ed. 2016. 
264 1 |a Cham :  |b Springer International Publishing :  |b Imprint: Springer,  |c 2016. 
300 |a XI, 368 p. 145 illus.  |b online resource. 
336 |a text  |b txt  |2 rdacontent 
337 |a computer  |b c  |2 rdamedia 
338 |a online resource  |b cr  |2 rdacarrier 
347 |a text file  |b PDF  |2 rda 
490 1 |a Communications in Computer and Information Science,  |x 1865-0929 ;  |v 629 
505 0 |a Active learning and dynamic environments -- Semi-supervised modeling -- Classification applications -- Clustering applications -- Cyber-physical systems and Cloud applications -- Time-series prediction -- Learning-algorithms -- Short papers -- Tutorials. 
520 |a This book constitutes the refereed proceedings of the 17th International Conference on Engineering Applications of Neural Networks, EANN 2016, held in Aberdeen, UK, in September 2016. The 22 revised full papers and three short papers presented together with two tutorials were carefully reviewed and selected from 41 submissions. The papers are organized in topical sections on active learning and dynamic environments; semi-supervised modeling; classification applications; clustering applications; cyber-physical systems and cloud applications; time-series prediction; learning-algorithms. 
650 0 |a Data mining. 
650 0 |a Artificial intelligence. 
650 0 |a Pattern recognition. 
650 0 |a Application software. 
650 0 |a Computational intelligence. 
650 1 4 |a Data Mining and Knowledge Discovery.  |0 https://scigraph.springernature.com/ontologies/product-market-codes/I18030 
650 2 4 |a Artificial Intelligence.  |0 https://scigraph.springernature.com/ontologies/product-market-codes/I21000 
650 2 4 |a Pattern Recognition.  |0 https://scigraph.springernature.com/ontologies/product-market-codes/I2203X 
650 2 4 |a Computer Applications.  |0 https://scigraph.springernature.com/ontologies/product-market-codes/I23001 
650 2 4 |a Computational Intelligence.  |0 https://scigraph.springernature.com/ontologies/product-market-codes/T11014 
700 1 |a Jayne, Chrisina.  |e editor.  |4 edt  |4 http://id.loc.gov/vocabulary/relators/edt 
700 1 |a Iliadis, Lazaros.  |e editor.  |4 edt  |4 http://id.loc.gov/vocabulary/relators/edt 
710 2 |a SpringerLink (Online service) 
773 0 |t Springer Nature eBook 
776 0 8 |i Printed edition:  |z 9783319441870 
776 0 8 |i Printed edition:  |z 9783319441894 
830 0 |a Communications in Computer and Information Science,  |x 1865-0929 ;  |v 629 
856 4 0 |u https://doi.org/10.1007/978-3-319-44188-7 
912 |a ZDB-2-SCS 
912 |a ZDB-2-SXCS 
950 |a Computer Science (SpringerNature-11645) 
950 |a Computer Science (R0) (SpringerNature-43710)